Регионална библиотека "Любен Каравелов" - Русе

Групова снимка пред Айфеловата кула (Запис номер 121243)

MARC детайли
000 -Лидер
Контролно поле с фиксирана дължина 01181nam a2200289 c 4500
003 - Код на организацията, давaща контролен номер
Контролно поле BLK
005 - Дата и час на последна редакция
Контролно поле 20180420231533.0
008 - Елементи от данни с фиксирана дължина
fixed length control field 180409b bul|||||r ||||||| ||bul||
010 ## - Наследен системен номер
LC control number KNG00126865000
040 ## - Източник на каталожния запис
Идентификатор на билиотеката - собственик на записа BLK
041 ## - Код за език
Код за езика на текст/звукозапис или на отделно заглавие Български
Код за езика КДБФ Български
080 ## - УДК
Текстов определител УДК Българска литература
УДК код - определител по УДК 821.163.2
УДК определител -32
УДК - код + определител 821.163.2-32
100 1# - Редна дума - Автор
Автор Антов, Ясен Петров
Авторска отговорност първи автор
R(LIN) 283491
139 ## - Редно поле
Редна дума Антов, Ясен Петров и др.
Авторски знак Анто - А 75
245 10 - Сведения за заглавието
Заглавие Групова снимка пред Айфеловата кула
Подзаглавни данни Хуморист. разкази
Редно поле (дума) Ясен Петров Антов; съавт. Велин Велимиров Андреев.
257 ## - Страна на издаване
Страна на създаване/издаване България
260 ## - Област на издателските данни
-- София
Име на издателя, разпространителя и проч. в. Стършел
Година на издаване 1981
300 ## - Физическа характеристика
Страници 64 с.
Илюстрации и др. с ил.
Размери/Мащаб 17 см
380 ## - Жанр
Жанр Худож. лит.
490 1# - СЕРИИ (Колекции)
Име на серия Библиотека Стършел
№: серия 295
700 1# - Други автори (авторска отговорност)
Лично име Андреев, Велин Велимиров
Автороска отговорност (Описва отношението между автора и произведението) съавт.
9 (RLIN) 317024
852 ## - Местоположение
Форматна сигнатура Цб І 18727
856 4# - Електронен адрес и достъп
Електронен формат pdf - файл
Път до файла /url/
856 4# - Електронен адрес и достъп
Електронен формат pdf - файл
Път до файла /url/
942 ## - АРТИКУЛИ
Вид на библиотечния материал Книги
Скрит в OPAC Не
944 ## - СЪЗДАВАНЕ И РЕДАКЦИЯ на ЗАПИСА
Създаване/Редакция Създаване
Дата на регистрацията/редакция 02.02.2012
Статус, дата на статуса 02.02.2012 - от С1,Р / 02.02.2012
Служител, извършил регистрацията/редакцията Любомир_Делиганев
944 ## - СЪЗДАВАНЕ И РЕДАКЦИЯ на ЗАПИСА
Създаване/Редакция Редакция
Дата на регистрацията/редакция 02.02.2012
Статус, дата на статуса 02.02.2012 - от С1,Р / 02.02.2012
Служител, извършил регистрацията/редакцията
999 ## - СИСТЕМНИ КОНТРОЛНИ НОМЕРА
Koha biblionumber 121243
Koha biblioitemnumber 121243
Наличности
Код за отписване Код за изгубен артикул Източник на класификационната схема Код за повреда Коз за рестрикции Код за отдаване Артикулен № Име на библиотеката - собственик Име на библиотеката, в която се намира в момента Статус (Текущо местоположение) Дата на вписване в системата Местоположение - отдел Цена в лева Инвентарен номер Систематично азбучна сигнатура Баркод Номер на екземпляра Цена в евро Служебна бележка Служебен тип на артикула
Изтеглен Не е изгубен Universal Decimal Classification Не е повреден без рестрикции заемане за дома 195937 Регионална библиотека "Любен Каравелов" Русе Регионална библиотека "Любен Каравелов" Русе Заемна - подръчен фонд 1981-01-01 Заемна - подръчен фонд 0.30 327894 П 886.7-32/А75 327894 1 0.15 N: стар фонд Дата: 01.01.1981 Книги
  Не е изгубен Universal Decimal Classification Не е повреден само за читалня ползва се в читалня 195938 Регионална библиотека "Любен Каравелов" Русе Регионална библиотека "Любен Каравелов" Русе Хранилище 1981-01-01 Хранилище 0.30 324721 Цб І 18727 120000324721 2 0.15 N: стар фонд Дата: 01.01.1981 Книги
Vip Innovations Ltd, Rousse, Bulgaria 2025